000 00727nam a2200229Ia 4500
003 GCL
008 140319s9999 xx 000 0 ara d
040 _aGCL /
_cGCL
082 0 4 _a301.24
_bغ د
100 1 _aغالى شكرى
245 1 0 _aديكتاورية التخلف العربى /
_cغالى شكرى
260 _a[S.N] :
_bالهيئة المصرية العامة للكتاب ،
_c1994
300 _a245 ص
490 _a
650 0 4 _aالاسلام والمجتمع
650 0 4 _aالثقافة
650 0 4 _aالانثربولوجيا
650 0 4 _aالمجتمع العربى
650 0 4 _aالانثربولوجيا الثقافية
650 0 4 _aالتخلف الاجتماعى
942 _2ddc
_cBK
999 _c34085
_d34085